Squadre che hanno giocato almeno una Finale di Champions League - Statistics

Statistiche generali
  • Questo quiz è stato fatto 304 volte
  • Il punteggio medio è 17 su 25
Statistiche sulle risposte
Domanda Casella Select % Corretto
Squadre che hanno giocato almeno una Finale di Champions League Wolverhampton No
96%
Squadre che hanno giocato almeno una Finale di Champions League Betis No
94%
Squadre che hanno giocato almeno una Finale di Champions League Braga No
94%
Squadre che hanno giocato almeno una Finale di Champions League Portsmouth No
94%
Squadre che hanno giocato almeno una Finale di Champions League Hoffenheim No
91%
Squadre che hanno giocato almeno una Finale di Champions League Everton No
90%
Squadre che hanno giocato almeno una Finale di Champions League Lazio No
90%
Squadre che hanno giocato almeno una Finale di Champions League Shakhtar Donetsk No
90%
Squadre che hanno giocato almeno una Finale di Champions League Zenit San Pietroburgo No
86%
Squadre che hanno giocato almeno una Finale di Champions League Celtic
83%
Squadre che hanno giocato almeno una Finale di Champions League CSKA Mosca No
81%
Squadre che hanno giocato almeno una Finale di Champions League Newcastle No
81%
Squadre che hanno giocato almeno una Finale di Champions League Sampdoria
80%
Squadre che hanno giocato almeno una Finale di Champions League Steaua Bucarest
76%
Squadre che hanno giocato almeno una Finale di Champions League Roma
69%
Squadre che hanno giocato almeno una Finale di Champions League Sporting Lisbona No
65%
Squadre che hanno giocato almeno una Finale di Champions League Bayer Leverkusen
61%
Squadre che hanno giocato almeno una Finale di Champions League Fiorentina
61%
Squadre che hanno giocato almeno una Finale di Champions League Valencia
61%
Squadre che hanno giocato almeno una Finale di Champions League Borussia Mönchengladbach
42%
Squadre che hanno giocato almeno una Finale di Champions League Stade de Reims
39%
Squadre che hanno giocato almeno una Finale di Champions League Eintracht Francoforte
33%
Squadre che hanno giocato almeno una Finale di Champions League Malmö FF
31%
Squadre che hanno giocato almeno una Finale di Champions League Panathinaikos
27%
Squadre che hanno giocato almeno una Finale di Champions League Club Brugge
25%
Nessun quiz corrispondente trovato
Distribuzione punteggi
Percentuale di utenti per punteggio
Percentile per numero di risposta
I tuoi punteggi nel tempo
Non hai fatto questo quiz